000 00615nam a2200277Ia 4500
008 210210b1917 xxu||||| |||| 00| 0 eng d
041 _aeng
082 _a920/140
100 _aPILLAI (Ananda Ranga)
245 _aPrivate diary of Ananda Ranga Pillai Vol V April to Oct 1748
260 _aMadras
_bGovernment Press
_c1917
650 _aVol
650 _aV
650 _ato
650 _aRanga
650 _aPrivate
650 _aPillai
650 _aof
650 _aOct
650 _adiary
650 _aApril
650 _aAnanda
650 _a1748
690 _aHistory
906 _a024882
999 _c150503
_d150503